• 首页
  • 本馆介绍
  • 公告通知
  • 最新文献
  • 馆藏检索
  • 电子资源
  • 读者导购
  • 参考咨询
  • 我的图书馆
  • 登录
  • 详细信息显示
  • 放入我的书架
  • 预约/预借图书
  • 作者相关作品
  • 分类相关作品
  • 丛书相关作品
  • 出版社相关作品

书目信息

  • 表格格式
  • 工作单格式
  • 卡片格式
题名:
不到顶点
    
 
作者: 王朝闻 著
分册:  
出版信息: 上海   上海文艺出版社  1983
页数: 362页
开本: 17cm
丛书名:
单 册:
中图分类: J05
科图分类:
主题词: 艺术评论 , 艺术--鉴赏 , 散文--中国--现代--选集
电子资源:
ISBN:
000 00663nam0 2200253 45
001 0183001744
005 20060516152451.96
010    @dCNY1.00
091    @a8078.3404
100    @a19950614d1983 em y0chiy0121 ea
101 0  @achi
102    @aCN@b310000
105    @ac z 000cy
200 10 @a不到顶点@Abu dao ding dian@f王朝闻著@Fwang chao wen zhu
210    @a上海@c上海文艺出版社@d1983
215    @a362页@c照片@d17cm
606 0  @a艺术评论
606 0  @a艺术@x鉴赏
606    @a散文@y中国@z现代@x选集
690    @aJ05@v4
701  0 @a王朝闻@Awang chao wen@4著
801  2 @aCN@bNLC@c20060516
801  0 @aCN@b上海图书馆@c20040512
905    @dJ05@e22
    
    不到顶点/王朝闻著.-上海:上海文艺出版社,1983
    362页:照片;17cm
    
    
    ISBN :CNY1.00
    
●
相关链接 在E读中查询图书 在五车中查询图书 在当当中查询图书 在豆瓣中查询图书


正题名:不到顶点     索取号:J05/22         预约/预借

序号 登录号 条形码 馆藏地/架位号 状态 备注
1 0089366   202336551   密集书库/ [索取号:J05/22] 在馆    
2 0089367   001215937   第一借阅区/ [索取号:J05/22] 在馆    
3 0089368   001215946   第一样本阅览室/ [索取号:J05/22] 在馆    
唐山师范学院图书馆 欢迎您!
大连网信软件有限公司© 版权所有